000 00296nam a22001337a 4500
008 170523b xxu||||| |||| 00| 0 eng d
020 _a0495897833
041 _aeng
080 _27TH
_a94
100 _a16
101 _aSHH
245 _aWESTERN CIVILIZATION
_cSPIELVOGEL, J.J
942 _2udc
_cBK
999 _c13891
_d13891